000 01257nam a2200301 i 4500
003 EG-GICUC
005 20260122093439.0
008 251119s2004 ua ||||f |||| 00| 0 ara d
040 _a EG-GICUC
_bara
_c EG-GICUC
_d EG-GICUC
_erda
041 _aara
082 0 4 _221
_a345.31211
_bم ح . ح
092 0 4 _221
099 _aLaw1 07 345.31211 م ح . ح 2004
100 0 _aمحمد محمد عبده إمام
_eمؤلف.
245 1 2 _aالحق في سلامة الغذاء من التلوث في تشريعات البيئة :
_bدراسة مقارنة في القانون الإداري /
_cدكتور محمد محمد عبده إمام
264 1 _aالاسكندرية :
_bدار الجامعة الجديدة ,
_c2004.
300 _aصفحة 516؛
_c24 سم
336 _2rda content
_atext
337 _2rda media
_aComputer
338 _2rda carrier
_aOnline Resource
504 _a. 501-480 ببليوجرافيا: صفحات.
546 _aالنص أغلبه باللغة العربية بعض النصوص الإنجليزية والفرنسية
650 1 _aالقانون الإداري
_2qrmak
651 1 _2qrmak
856 4 0 _uhttps://fll.law.cu.edu.eg/fulltext/bks/B07-00962.pdf
905 _a74
_eYara
942 _2ddc
_n0
_cBK
_e21
999 _c44691
_d44691